| 000 | 01368nam a22003737a 4500 | ||
|---|---|---|---|
| 003 | CHAP | ||
| 005 | 20220329143543.0 | ||
| 008 | 100520s2009 mx a r 00010 spa d | ||
| 010 | _a98473 | ||
| 011 | _a99445 | ||
| 035 | _a110131 | ||
| 040 | _cCHAP | ||
| 090 | _aTesis | ||
| 100 | 1 |
_aRamírez Acevedo, Anabel. _993840 |
|
| 245 | 1 | 0 |
_aBioindicadores de la calidad del agua en la cuenca del Río Tolantongo, Hidalgo _c/por Anabel Ramírez Acevedo |
| 260 |
_aChapingo, Méx. : _bEl autor, _c2009 |
||
| 300 |
_axi, 158 h. : _bilus., cuadros, gráfs. |
||
| 502 | _aTesis (Ing. en Recursos Naturales Renovables) -- UACH. Departamento de Suelos | ||
| 590 |
_aALEPH _b10 _c20130110 _lUCH01 _h1534 |
||
| 590 |
_aBATCH-UPD _b10 _c20130110 _lUCH01 _h1238 |
||
| 590 |
_aBATCH-UPD _b10 _c20130410 _lUCH01 _h0805 |
||
| 590 |
_aBATCH-UPD _b10 _c20130913 _lUCH01 _h2239 |
||
| 590 |
_aCONVERSION _b10 _c20130109 _lUCH01 _h1354 |
||
| 650 | 1 | 4 |
_aAgua _xCalidad. _92316 |
| 650 | 1 | 4 |
_aAgua _xConservacion _xHidalgo. _92328 |
| 650 | 1 | 4 |
_aCuencas hidrológicas. _930092 |
| 650 | 1 | 4 |
_aEcoturismo. _935298 |
| 650 | 1 | 4 |
_aIndicadores biológicos. _957561 |
| 650 | 1 | 4 |
_aInsectos acuáticos. _958953 |
| 901 | _aBK | ||
| 942 | _cFOLL | ||
| 949 |
_aTesis _bBC _cTES _d33724002097199 _eTS1 _gDonaciØn _h50522 _i110131 _sb |
||
| 949 |
_aTesis _bBC _cTES _d33724002097355 _eTS2 _fc.2 _gDonaciØn _h50523 _i110131 _si |
||
| 999 |
_c98473 _d98473 |
||